| 000 | 00636nam a22002177a 4500 | ||
|---|---|---|---|
| 003 | OSt | ||
| 005 | 20150603112439.0 | ||
| 008 | 130731t xxu||||| |||| 00| 0 eng d | ||
| 020 | _a9789715696029 | ||
| 050 |
_aPE 1408 _b.C187 1962 |
||
| 082 |
_aTR 415 _bB79-4 2008 |
||
| 100 |
_aCampbell, Paul E. _96847 |
||
| 245 |
_aVoyages in English 4 / _cPaul E. Campbell, Mary Donatus Macnickle. |
||
| 260 |
_aPhilippines : _bBookmark, _c2008. |
||
| 300 |
_a242 pages : _billustrations ; _c19 cm. |
||
| 500 | _aIncludes index. | ||
| 562 | _e1 | ||
| 650 |
_aEnglish grammar _xworkbook. _96849 |
||
| 942 |
_2lcc _cBK _kFOR |
||
| 999 |
_c284585 _d284585 |
||